| 000 | 00713nam a2200229 a 4500 | ||
|---|---|---|---|
| 999 |
_c7719 _d7719 |
||
| 001 | 7719 | ||
| 003 | BD-JhCC | ||
| 005 | 20180213121353.0 | ||
| 008 | 171102s2005 bg |||| ||a| 000 0 ben d | ||
| 020 | _a9844104378 | ||
| 035 | _a(BD-JhCC)7719 | ||
| 040 |
_aBD-JhCC _dBD-JhCC |
||
| 041 | _aben | ||
| 082 |
_a954.92 _bGUP 2005 |
||
| 100 | _aগুপ্ত, সন্তোষ | ||
| 245 |
_aইতিহাসের ঝর্ণাধ্বনি / _cসন্তোষ গুপ্ত |
||
| 260 |
_aঢাকা : _bমাওলা ব্রাদার্স, _c2005. |
||
| 300 |
_a১০৮ পৃ. ; _c২২ সেমি |
||
| 650 |
_aHistory _zBangladesh |
||
| 942 |
_2ddc _cBK |
||